A course in combinatorics (Record no. 507)

MARC details
000 -LEADER
fixed length control field 00511 a2200181 4500
001 - CONTROL NUMBER
control field 066455
003 - CONTROL NUMBER IDENTIFIER
control field OSt
005 - DATE AND TIME OF LATEST TRANSACTION
control field 20210929101201.0
008 - FIXED-LENGTH DATA ELEMENTS--GENERAL INFORMATION
fixed length control field
082 ## - DEWEY DECIMAL CLASSIFICATION NUMBER
Classification number 511.6
Item number L65C
100 1# - MAIN ENTRY--PERSONAL NAME
Personal name Lint, Jacobus Hendricus van
245 1# - TITLE STATEMENT
Title A course in combinatorics
Statement of responsibility, etc by Jacobus Hendricus van Lint and R. M. Wilson
260 ## - PUBLICATION, DISTRIBUTION, ETC. (IMPRINT)
Place of publication, distribution, etc UK
Name of publisher, distributor, etc Cambridge University Press
Date of publication, distribution, etc 2004
300 ## - PHYSICAL DESCRIPTION
Extent 602p.
690 ## - LOCAL SUBJECT ADDED ENTRY--TOPICAL TERM (OCLC, RLIN)
Topical term or geographic name as entry element Combinatorial analysis; Mathematics
700 ## - ADDED ENTRY--PERSONAL NAME
Personal name Wilson, R. M.
942 ## - ADDED ENTRY ELEMENTS (KOHA)
Source of classification or shelving scheme Dewey Decimal Classification
Koha item type Books
Holdings
Withdrawn status Lost status Source of classification or shelving scheme Damaged status Not for loan Collection code Home library Current library Date acquired Source of acquisition Cost, normal purchase price Total Checkouts Full call number Barcode Date last seen Date checked out Price effective from Koha item type
    Dewey Decimal Classification     General Text Book Central University Of Rajasthan Central University Of Rajasthan 07/03/2012 STT 495.00 1 511.6 L65C 741 21/11/2024 21/07/2022 02/09/2020 Books